000
00232 a2200097 4500
001
47974
100
_a
Nadvi
245
_a
Mutalya Quran key Osool wa Mubadi
260
_a
Karachi
_b
Majlis Nashreyat academy
_c
090
_c
30966
_d
30966
942
_a
NUST-CAE
_c
M
_c
23298
999
_c
283047
_d
283047